000 00598nam a22001815i 4500
001 171786
003 ES-MaACL
005 20250630032910.0
008 090601s1876 sp |||| | spa d
080 _a336.71(460.27 M.)(060.55)
110 2 _aBanco de España
_92104
245 1 0 _aMemoria leida en la junta general de accionistas del Banco de España el dia 7 de marzo de 1876.
260 _aMadrid :
_b[s.n.],
_c1876 (
_fMiguel Ginesta)
300 _a50 p. ;
_c25 cm.
610 2 4 _aBanco de España-
_vMemorias.
_9144683
852 _aES-MaACL
_jT-204-F-20
999 _c171786
_d171786